Para una tumba sin nombre (Registro nro. 67935)
[ vista simple ]
| 000 -LÍDER | |
|---|---|
| Campo fijo de descripción fija | 01150nam a2200181 i 4500 |
| 001 - NÚMERO DE CONTROL | |
| Campo de control | 768714001 |
| 003 - IDENTIFICADOR DEL NÚMERO DE CONTROL | |
| Campo de control | CO-MdFUSB |
| 005 - FECHA Y HORA DE LA ULTIMA TRANSACCIÓN | |
| control field | 20220602155317.0 |
| 008 - ELEMENTOS DE LONGITUD FIJA -- INFORMACIÓN GENERAL | |
| Campo fijo de descripción fija -- Información general | 220602t1984 ck |||| |||| 00| 0 spa d |
| 040 ## - FUENTE DE CATALOGACIÓN | |
| Idioma de catalogación | spa |
| Agencia que realiza la transcripción | CO-MdFUSB |
| Agencia que realiza la modificación | CO-MdFUSB |
| 100 ## - ASIENTO PRINCIPAL--NOMBRE PERSONAL | |
| Nombre personal | Onetti, Juan Carlos, |
| Término relacionador | autor |
| 245 ## - TÍTULO | |
| Título | Para una tumba sin nombre |
| Mención de responsabilidad | / Juan Carlos Onetti |
| 300 ## - DESCRIPCIÓN FÍSICA | |
| Extensión | Volumen 2, (1984) Páginas 121- 163 |
| Dimensiones | ; 22 cm |
| 520 ## - NOTA DE RESUMEN, ETC. | |
| Nota de sumario, etc. | La asombrosa maestría de Juan Carlos Onetti alcanza en esta singularísima novela breve una de las cimas de una escritura asombrosamente totalizadora. Onetti construye Para una tumba sin nombre como una sucesión de variaciones, de mutaciones, sobre un tema formulado en las primeras páginas, una imagen a la vez simple y poderosa, absurda y seductora: una mujer joven pide dinero a la gente que entra y sale de una estación de ferrocarril de Buenos Airs, y lo hace en compañía de una cabra, un chivo de pelo blanco al que lleva atado por una cuerda. |
| 653 ## - TÉRMINO DE INDIZACIÓN - NO CONTROLADO | |
| Término no controlado | Literatura Latinoamericana |
| 773 0# - ASIENTO DE ITEM FUENTE | |
| Biblionumber | 67924 |
| Itemnumber | 81128 |
| Asiento principal | Oveja Negra, |
| Otro identificador del ítem | 24691 |
| Título | Maestros de la literatura universal |
| Número de control del registro | (CO-MdFUSB)768714001 |
| International Standard Book Number | 8482806718 |
| 942 ## - TIPO DE MATERIAL (KOHA) | |
| Tipo de Item KOHA | Libros General |
No hay ítems disponibles.
